天寶圖.地寶圖
| 資料類型: | 圖書 | 書目號: | 32084 |
Leader xxxxxxxxxx 001 __ PCLIS00032084 005 __ 20030106155244.44 010 0_ |a957-|b平裝|dNT$90 020 __ |acw|b82005151 100 __ |a20030106d2003 0chib0109 e 101 0_ |achi 102 __ |acw 105 __ |aa z 000yy 200 1_ |a天寶圖.地寶圖|e|f陳錦芳發行|g 205 __ |a初版 210 __ |a臺北市|c台灣文源書局|d民66年 215 0_ |a277面|c|d19公分 225 1_ |a|v 681 __ |a857.44|b 700 __ |a陳|b錦芳|4發行 702 _1 |a|b|4 801 __ |acw|b本館|c20030106 |